| 000 | 00820nam a2200241Ia 4500 | ||
|---|---|---|---|
| 003 | GCL | ||
| 005 | 20240530103959.0 | ||
| 008 | 140319s9999 xx 000 0 ara d | ||
| 017 |
_a1995/2671 _bمصر . دار الكتب المصرية |
||
| 020 | _a9770142913 | ||
| 040 |
_aGCL / _cGCL |
||
| 082 | 0 | 4 |
_a726 _bس ب |
| 100 | 1 | _aسليم عرفات المبيض | |
| 245 | 1 | 0 |
_aالبنايات الاثرية الاسلامية فى غزة وقطاعها / _cسليم عرفات المبيض |
| 260 |
_aالقاهرة : _bالهيئة المصرية العامة للكتاب |
||
| 300 |
_a470 ص : _bصور ؛ _c32 سم |
||
| 650 | 0 | 4 | _aالمقابر |
| 650 | 0 | 4 | _aالمبانى |
| 650 | 0 | 4 | _aالفنون الاسلامية |
| 650 | 0 | 4 | _aغزة |
| 650 | 0 | 4 | _aالمساجد الاثرية |
| 942 |
_2ddc _cBK |
||
| 999 |
_c43888 _d43888 |
||